Egyptian gods and myths /

محفوظ في:

المؤلف الرئيسي: Thomas, Angela P. (مؤلف)

التنسيق: كتاب

اللغة: English

منشور في: Princes Risborough, Aylesbury, Bucks, UK : Shire Publications, 2001.

سلاسل: Shire Egyptology ; 2.
ShirEgypt ; 2.

الموضوعات:

الوسوم: إضافة وسم

لا توجد وسوم, كن أول من يضع وسما على هذه التسجيلة!

رقم الطلب: DT57 .S25 v.2

LEADER 01149namaa2200385 4500
001 11557
003 OSt
005 20260421143707.0
008 130303t20011986enka b 001 0 eng d
010 |a gb 85047395 
015 |a GB85-47395 
020 |a 9780852637883 
020 |a 0852637888 (pbk) : 
040 |c ARCE Library 
043 |a f-ua--- 
050 4 |a DT57 .S25 v.2 
100 1 |a Thomas, Angela P.,  |e author 
245 1 0 |a Egyptian gods and myths /  |c Angela P. Thomas. 
264 1 |a Princes Risborough, Aylesbury, Bucks, UK :   |b Shire Publications,   |c 2001. 
300 |a 64 pages :  |b illustrations, map ;  |c 21 cm. 
336 |a text  |b txt  |2 rdacontent 
337 |a unmediated  |b n  |2 rdamedia 
338 |a volume  |b nc  |2 rdacarrier 
490 1 |a Shire Egyptology ;   |v 2. 
490 1 |a ShirEgypt ;   |v 2. 
500 |a Reprint of 1986 ed. 
504 |a Includes bibliographical references and index. 
650 0 |a Gods, Egyptian. 
650 0 |a Mythology, Egyptian. 
830 0 |a Shire Egyptology ;   |v 2. 
830 0 |a ShirEgypt ;   |v 2. 
852 |a IN  |c 20090707091500.0n  |p 11269 
901 |a reviewed 
942 |c BK  |2 lcc 
999 |c 11312  |d 11312